000 00644nam a22001937a 4500
999 _c164433
_d164433
005 20190520131936.0
010 _aENG-125234
020 _a9789381345054
_c600.00
035 _aEN-108766
037 _bDBAD/PUB
082 _a305.512
100 _aRoychowdhury, Deboshruti
245 _aGender and caste hierarchy in colonial Bengal :
_binter-caste interventions of ideal womanhood /
_cDeboshruti Roychowdhury
260 _aKolkata
_bStree
_c2014
270 _a16 Southern Avenue
_bKolkata
_e700026
300 _ax,246p.
_c23cm(Hb)
500 _aIncludes bibliographical references and index
942 _2ddc
_cEN
_h480
_mDUB